000 00479nam a22001937a 4500
005 20190326152555.0
008 190326b xxu||||| |||| 00| 0 eng d
020 _a9780670089673
_cRs. 499.00
040 _aLoreto College
041 _aEnglish
082 _aF
_bCHA
100 _aChaudhuri, Amit
245 _aFriend of my youth
_cAmit Chaudhuri
260 _aGurgaon
_bPenguin
_c2017
300 _a137 p.
_b24 cm.
650 _aFiction
850 _aLCLIB
942 _cBK
999 _c42032
_d92511